Movies Quiz

Random Movies or Cast Quiz

Movie Title Spelling Test Quiz Stats

Quiz Updated Mar 24, 2017

Challenge
Share
Tweet
Embed
Score 0/21 Timer 05:00
0 Plays Today
Cast (Year) Movie Title % Correct
Patton Oswalt**, Lou Romano** (2007)Ratatouille
76.6%
Daniel Craig, Olga Kurylenko (2008)Quantum of Solace
76.3%
Dickie Jones**, Mel Blanc** (1940)Pinocchio
68.9%
Robin Williams, Kirsten Dunst (1995)Jumanji
67.3%
Henry Thomas, Drew Barrymore (1982)*E.T.: The Extra-Terrestrial
66.5%
Jeff Goldblum, Sam Neill (1993)Jurassic Park
66.5%
Tom Hanks, Denzel Washington (1993)Philadelphia
63.2%
Martin Sheen, Marlon Brando (1979)Apocalypse Now
58.6%
Bruce Willis, Billy Bob Thornton (1998)Armageddon
55.3%
Arnold Schwarzenegger, Penelope Ann Miller (1990)Kindergarten Cop
53.1%
Julia Roberts, Albert Finney (2000)Erin Brockovich
52.5%
Cast (Year) Movie Title % Correct
Michael Moore, George W. Bush (2004)Fahrenheit 9/11
51.5%
Jackie Chan, Owen Wilson (2003)Shanghai Knights
51%
Liam Neeson, Ralph Fiennes (1993)Schindler's List
48.3%
John Cusack, Cameron Diaz (1999)Being John Malkovich
44.4%
Omar Sharif, Julie Christie (1965)Doctor Zhivago
41.9%
Brad Pitt, Diane Kruger (2009)Inglourious Basterds
30.6%
John Travolta, Kyra Sedgwick (1996)Phenomenon
30.1%
Natalie Portman, Scarlett Johansson (2008)The Other Boleyn Girl
29.7%
Heath Ledger, Lily Cole (2009)The Imaginarium of Doctor Parnassus
23.6%
Nicolas Cage, Penélope Cruz (2001)Captain Corelli's Mandolin
18.2%

You're not logged in!

Compare scores with friends on all Sporcle quizzes.
Join for Free
OR
Log In

You Might Also Like...

Show Comments

Extras

Top Quizzes Today


Score Distribution

Your Account Isn't Verified!

In order to create a playlist on Sporcle, you need to verify the email address you used during registration. Go to your Sporcle Settings to finish the process.

Report this User

Report this user for behavior that violates our Community Guidelines.

Details: